000 01376cam a2200133 4500500
005 20260322001104.0
041 _afre
042 _adc
100 1 0 _aObin, Jean-Pierre
_eauthor
245 0 0 _aComment on a laissé l'islamisme pénétrer l'école
260 _bHermann,
_c2020.
520 _a« J’ai écrit ce livre pour briser le silence qui règne sur la montée de l’islamisme, sur ses ravages parmi les jeunes et sur les dégâts qu’il provoque dans notre école publique. Pendant longtemps, le silence a été la seule réaction  : la célèbre formule “Surtout pas de vagues !” a permis pendant vingt  ans de mener une confortable politique de l’autruche.J’ai écrit ce livre parce que je suis attaché à la laïcité  : ce principe républicain nous protège et protège nos libertés, celle de croire ou de ne pas croire, celle de pratiquer librement un culte, celle de changer de conviction, celle de critiquer les religions ou l’absence de religion et, pour les parents, celle de confier leurs enfants à l’école publique sans crainte qu’ils y soient harcelés ou endoctrinés.J’ai écrit ce livre parce que le temps presse et qu’il y a maintenant urgence à  agir. » (J.-P.  Obin)
856 4 1 _uhttps://shs.cairn.info/comment-on-a-laisse-l-islamisme-penetrer-l-ecole--9791037003799?lang=fr&redirect-ssocas=7080
999 _c1711768
_d1711768